Гибкие производственные системы, промышленные роботы, робототехнические комплексы. Кн. 2: Комплексные технологические процессы ГПС (Запись № 7817556)

Подробности
000 -МАРКЕР
контрольное поле 01804nam2a22003371 4500
001 - ИДЕНТИФИКАТОР ЗАПИСИ
контрольное поле rc\353484
005 - ИДЕНТИФИКАТОР ВЕРСИИ
контрольное поле 20250612172738.0
010 ## - МЕЖДУНАРОДНЫЙ СТАНДАРТНЫЙ НОМЕР КНИГИ (ISBN)
Номер (ISBN) 5-06-000272-1
Цена 35 к.
Тираж 35000
021 ## - НОМЕР ГОСУДАРСТВЕННОЙ РЕГИСТРАЦИИ
Код страны российская федерация
Номер 90-10764
035 ## - ДРУГИЕ СИСТЕМНЫЕ НОМЕРА
Идентификатор записи (NLR Aleph) 008752763
100 ## - ДАННЫЕ ОБЩЕЙ ОБРАБОТКИ
Данные общей обработки 20030307d1989 |||y0rusy50 ca
101 0# - ЯЗЫК РЕСУРСА
Язык текста, звукозаписи и т.д. русский
102 ## - СТРАНА ПУБЛИКАЦИИ ИЛИ ПРОИЗВОДСТВА
Страна публикации российская федерация
105 ## - ПОЛЕ КОДИРОВАННЫХ ДАННЫХ: ТЕКСТОВЫЕ МАТЕРИАЛЫ, МОНОГРАФИЧЕСКИЕ
Кодированные данные о монографическом текстовом документе a z||||||||
200 1# - ЗАГЛАВИЕ И СВЕДЕНИЯ ОБ ОТВЕТСТВЕННОСТИ
Основное заглавие Комплексные технологические процессы ГПС
Первые сведения об ответственности [В.Ф. Горнев, А.М. Савинов, В.И. Валиков]
210 ## - ПУБЛИКАЦИЯ, РАСПРОСТРАНЕНИЕ И ДР.
Дата издания, распространения и т.д. 1989
Место издания, распространения и т.д. Б. м.
215 ## - ФИЗИЧЕСКАЯ ХАРАКТЕРИСТИКА
Специфическое обозначение материала и объем 108, [3] с.
Другие сведения о физической характеристике ил.
320 ## - ПРИМЕЧАНИЯ О НАЛИЧИИ В ДОКУМЕНТЕ БИБЛИОГРАФИИ / УКАЗАТЕЛЯ
Текст примечания Библиогр.: с. 110 (9 назв.)
461 #0 - УРОВЕНЬ НАБОРА
Встроенное поле 001rc\353482
-- 2001#$aГибкие производственные системы, промышленные роботы, робототехнические комплексы$e[в 14 книгах]$fпод ред. Б.И. Черпакова$vКн. 2
Системный номер (АБИС) связанной записи 7918461
Место публикации Москва
Дата публикации 1989-1990
Первые сведения об ответственности под ред. Б.И. Черпакова
Имя издателя, распространителя и т.д. Высшая школа
Сведения, относящиеся к заглавию [в 14 книгах]
Заглавие Гибкие производственные системы, промышленные роботы, робототехнические комплексы
Номер тома Кн. 2
606 1# - НАИМЕНОВАНИЕ ТЕМЫ КАК ПРЕДМЕТ
Наименование темы Гибкие автоматизированные производства в машиностроении
Тематический подзаголовок Управление
-- Системы
-- Проектирование
Системный номер авторитетной/нормативной записи 1403495
Идентификатор авторитетной/нормативной записи RU\NLR\AUTH\66278575
686 0# - ИНДЕКСЫ ДРУГИХ КЛАССИФИКАЦИЙ
Индекс з966.5
Код системы
700 #1 - ИМЯ ЛИЦА - ПЕРВИЧНАЯ ОТВЕТСТВЕННОСТЬ
Начальный элемент ввода Горнев
Часть имени, кроме начального элемента ввода В. Ф.
Расширение инициалов личного имени Вадим Федорович
701 #1 - ИМЯ ЛИЦА - АЛЬТЕРНАТИВНАЯ ОТВЕТСТВЕННОСТЬ
Начальный элемент ввода Савинов
Часть имени, кроме начального элемента ввода А. М.
Расширение инициалов личного имени Андрей Михайлович
701 #1 - ИМЯ ЛИЦА - АЛЬТЕРНАТИВНАЯ ОТВЕТСТВЕННОСТЬ
Начальный элемент ввода Валиков
Часть имени, кроме начального элемента ввода В. И.
801 #0 - ИСТОЧНИК ЗАПИСИ
Страна российская федерация
Организация NLR
Правила каталогизации psbo
801 #1 - ИСТОЧНИК ЗАПИСИ
Страна российская федерация
Организация ELAR
Источник данных rusmarc
801 #2 - ИСТОЧНИК ЗАПИСИ
Страна российская федерация
Организация NLR
Дата составления 20140409
Источник данных rusmarc
852 ## - МЕСТОНАХОЖДЕНИЕ И ШИФР ХРАНЕНИЯ
Идентификатор организации NLR
Шифр хранения (Call Number) 89-3/11261 (2)
942 ## - ДОПОЛНИТЕЛЬНЫЕ ЭЛЕМЕНТЫ ЗАПИСИ (АБИС)
Тип экземпляра АБИС Книга
980 ## - КОЛЛЕКЦИЯ
Название коллекции Национальная библиография
Экземпляры
Тип экземпляра Дата поступления Библиотека постоянного хранения Библиотека текущего хранения Место хранения Шифр хранения Штрих-код Статус не для выдачи
Книга 26.10.2013 РНБ (Московский) РНБ (Московский) Русский книжный фонд: издания с 1957 года, 9этаж 89-3/11261 8752763-10